Internet de papel : (Registro nro. 16357)

Detalles MARC
000 -CABECERA
Campo de control de longitud fija 01644nam a2200385 i 4500
003 - IDENTIFICADOR DEL NÚMERO DE CONTROL
Campo de control CL-SaCFP
005 - FECHA Y HORA DE LA ÚLTIMA TRANSACCIÓN
Campo de control 20260413172446.0
007 - CAMPO FIJO DE DESCRIPCIÓN FÍSICA
Campo de control de longitud fija ta
008 - CÓDIGOS DE INFORMACIÓN DE LONGITUD FIJA
Campo de control de longitud fija 250425s2025 amcach c 000 0 spa
020 ## - NÚMERO INTERNACIONAL NORMALIZADO PARA LIBROS (ISBN)
Número Internacional Normalizado para Libros (ISBN) 9789567629756
040 ## - FUENTE DE LA CATALOGACIÓN
Centro transcriptor CL
043 ## - CÓDIGO DE ÁREA GEOGRÁFICA
Código de área geográfica s-cl---
082 04 - NÚMERO DE LA CLASIFICACIÓN DECIMAL DEWEY
Número de clasificación 983.003 I61 2025
Número de edición 21
245 00 - MENCIÓN DE TÍTULO
Título Internet de papel :
Resto del título la enciclopedia chilena de la Biblioteca del Congreso Nacional 1948-1971
Forma catálogo
Mención de responsabilidad etc. coordinadora: Macarena Ponce de León Atria.
246 30 - VARIANTES DE TÍTULO
Título propio / Titulo en breve La enciclopedia chilena de la Biblioteca del Congreso Nacional 1948-1971
250 ## - MENCIÓN DE EDICIÓN
Mención de edición Primera edición 2025.
264 #1 - PRODUCTION, PUBLICATION, DISTRIBUTION, MANUFACTURE, AND COPYRIGHT NOTICE
Lugar de producción publicación distribución fabricación Santiago de Chile :
Nombre del de productor editor distribuidor fabricante Ediciones Biblioteca del Congreso Nacional Chile,
Fecha de de producción publicación distribución fabricación o copyright 2025.
264 #3 - PRODUCTION, PUBLICATION, DISTRIBUTION, MANUFACTURE, AND COPYRIGHT NOTICE
Lugar de producción publicación distribución fabricación [Chile] :
Nombre del de productor editor distribuidor fabricante Feyser etiquetas Spa.,
Fecha de de producción publicación distribución fabricación o copyright 2025.
264 #4 - PRODUCTION, PUBLICATION, DISTRIBUTION, MANUFACTURE, AND COPYRIGHT NOTICE
Fecha de de producción publicación distribución fabricación o copyright c2025
300 ## - DESCRIPCIÓN FÍSICA
Extensión 112 páginas :
Otras características físicas ilustraciones (algunas en color), retratos, facsímiles ;
Dimensiones 23 cm.
336 ## - TIPO DE CONTENIDO
Término de tipo de contenido texto
Código de tipo de contenido txt
Fuente rdacontent
337 ## - TIPO DE MEDIO
Nombre del tipo de medio no mediado
Código del tipo de medio n
Fuente rdamedia
338 ## - TIPO DE SOPORTE
Nombre del tipo de soporte volumen
Código del tipo de soporte nc
Fuente rdacarrier
500 ## - NOTA GENERAL
Nota general Texto a dos columnas.
585 ## - NOTA DE EXPOSICIONES
Nota de exposiciones Exposición realizada en el edificio del la Sala Chile del Congreso Nacional en la sede de Santiago de Chile y en la sede de Valparaíso, entre diciembre de 2024 y junio de 2025.
610 27 - PUNTO DE ACCESO ADICIONAL DE MATERIA - NOMBRE DE ENTIDAD CORPORATIVA
Nombre de entidad corporativa o nombre de jurisdicción como elemento inicial Biblioteca del Congreso Nacional (Chile)
Subdivisión de materia general Historia
650 #7 - PUNTO DE ACCESO ADICIONAL DE MATERIA - TÉRMINO DE MATERIA
Término de materia o nombre geográfico como elemento inicial Enciclopedias y diccionarios españoles
Subdivisión geográfica Chile
Subdivisión de forma Exposiciones
650 #7 - PUNTO DE ACCESO ADICIONAL DE MATERIA - TÉRMINO DE MATERIA
Término de materia o nombre geográfico como elemento inicial Bibliotecas
Subdivisión geográfica Chile
Subdivisión de materia general Historia
Subdivisión cronológica Siglo 20
655 #7 - TÉRMINO DE INDIZACIÓN - GÉNERO/FORMA
Datos o término principal de género/forma Enciclopedias
655 #7 - TÉRMINO DE INDIZACIÓN - GÉNERO/FORMA
Datos o término principal de género/forma Exposiciones
655 #7 - TÉRMINO DE INDIZACIÓN - GÉNERO/FORMA
Datos o término principal de género/forma Catálogos de exposiciones
700 1# - PUNTO DE ACCESO ADICIONAL - NOMBRE DE PERSONA
Nombre de persona Ponce de León Atria, Macarena
Término indicativo de función coordinadora
710 2# - PUNTO DE ACCESO ADICIONAL - NOMBRE DE ENTIDAD
Nombre de entidad o nombre de jurisdicción como elemento inicial Biblioteca del Congreso Nacional (Chile)
942 ## - ENTRADA PARA ELEMENTOS AGREGADOS (KOHA)
Fuente de clasificación o esquema de ordenación en estanterías Dewey Decimal Classification
Koha [por defecto] tipo de item Monografía
Existencias
Suprimido Estado de pérdida Fuente de clasificación o esquema de ordenación en estanterías Estropeado No para préstamo Código de colección Localización permanente Localización actual Localización en estanterías Fecha de adquisición Fuente de adquisición Préstamos totales Signatura completa Código de barras Fecha última consulta Número de ejemplar Fecha del precio de reemplazo Tipo de item de Koha
    Dewey Decimal Classification     Colección General Biblioteca Central Biblioteca Central Colección General 13/04/2026 Donación BCN   983.003 I61 2025 3563000054687 13/04/2026 c.1 13/04/2026 Monografía